Design Data Handbook For Mechanical Engendering (Record no. 27346)

MARC details
000 -LEADER
fixed length control field 00395nam a22001577a 4500
003 - CONTROL NUMBER IDENTIFIER
control field OSt
005 - DATE AND TIME OF LATEST TRANSACTION
control field 20220117143642.0
008 - FIXED-LENGTH DATA ELEMENTS--GENERAL INFORMATION
fixed length control field 220117b |||||||| |||| 00| 0 eng d
020 ## - INTERNATIONAL STANDARD BOOK NUMBER
International Standard Book Number 8185749205
040 ## - CATALOGING SOURCE
Transcribing agency HU
082 ## - DEWEY DECIMAL CLASSIFICATION NUMBER
Classification number 620.004202285
100 ## - MAIN ENTRY--PERSONAL NAME
Personal name Mandal D.O.
9 (RLIN) 28229
245 ## - TITLE STATEMENT
Title Design Data Handbook For Mechanical Engendering
260 ## - PUBLICATION, DISTRIBUTION, ETC.
Place of publication, distribution, etc. Delhi
Name of publisher, distributor, etc. Delhi
942 ## - ADDED ENTRY ELEMENTS (KOHA)
Source of classification or shelving scheme Dewey Decimal Classification
Koha item type Books like text book referance book
Suppress in OPAC No
Holdings
Withdrawn status Lost status Source of classification or shelving scheme Damaged status Not for loan Home library Current library Shelving location Date acquired Total Checkouts Full call number Barcode Date last seen Copy number Price effective from Koha item type
    Dewey Decimal Classification     IoT Library IoT Library General Stacks 01/17/2022   620.00420285/MAN/1999 IOTL0005743 01/17/2022 1 01/17/2022 Books like text book referance book
    Dewey Decimal Classification     IoT Library IoT Library General Stacks 01/17/2022   620.00420285/MAN/1999 IOTL0005744 01/17/2022 2 01/17/2022 Books like text book referance book
    Dewey Decimal Classification     IoT Library IoT Library General Stacks 01/17/2022   620.00420285/MAN/1999 IOTL0005745 01/17/2022 3 01/17/2022 Books like text book referance book
    Dewey Decimal Classification     IoT Library IoT Library General Stacks 01/17/2022   620.00420285/MAN/1999 IOTL0005746 01/17/2022 4 01/17/2022 Books like text book referance book